<?xml version="1.0" encoding="UTF-8"?>
<record
    xmlns:xsi="http://www.w3.org/2001/XMLSchema-instance"
    xsi:schemaLocation="http://www.loc.gov/MARC21/slim http://www.loc.gov/standards/marcxml/schema/MARC21slim.xsd"
    xmlns="http://www.loc.gov/MARC21/slim">

  <leader>01483nam a22002297a 4500</leader>
  <controlfield tag="003">DO-SdBNP</controlfield>
  <controlfield tag="005">20260302100709.0</controlfield>
  <controlfield tag="008">210706b  2018  dr a       00| 0 eng d</controlfield>
  <datafield tag="020" ind1=" " ind2=" ">
    <subfield code="a">9789945091038</subfield>
  </datafield>
  <datafield tag="040" ind1=" " ind2=" ">
    <subfield code="a">DO-SdBNP</subfield>
    <subfield code="b">spa</subfield>
    <subfield code="c">BNPHU </subfield>
  </datafield>
  <datafield tag="082" ind1=" " ind2="4">
    <subfield code="2">A473u</subfield>
    <subfield code="a">337</subfield>
    <subfield code="b">22</subfield>
  </datafield>
  <datafield tag="100" ind1="1" ind2=" ">
    <subfield code="a">&#xC1;lvarez Bogaert, Fernando,</subfield>
    <subfield code="d">1941-</subfield>
    <subfield code="9">6927</subfield>
  </datafield>
  <datafield tag="245" ind1="1" ind2="0">
    <subfield code="a">Una mirada al tiempo /</subfield>
    <subfield code="c">Fernando &#xC1;lvarez Bogaert.</subfield>
  </datafield>
  <datafield tag="260" ind1=" " ind2=" ">
    <subfield code="a">Santo Domingo : </subfield>
    <subfield code="b">B&#xFA;ho, </subfield>
    <subfield code="c">2018.</subfield>
  </datafield>
  <datafield tag="300" ind1=" " ind2=" ">
    <subfield code="a">137 p. ; </subfield>
    <subfield code="b">il. ; </subfield>
    <subfield code="c">23 cm. </subfield>
  </datafield>
  <datafield tag="500" ind1=" " ind2=" ">
    <subfield code="a">Incluye datos biogr&#xE1;ficos del autor en las solapas</subfield>
  </datafield>
  <datafield tag="505" ind1="0" ind2=" ">
    <subfield code="a">Una mirada al tiempo. Pr&#xF3;logo, 9.-- El enorme potencial de la energ&#xED;a solar, 17.-- Ascenso del populismo en algunas econom&#xED;as desarrolladas, 23.-- El pensamiento creativo: motor de grandes cambios en la sociedad, 29.-- Las perspectivas del petr&#xF3;leo, 35.-- La magia de Singapur, 41.-- El secreto del &#xE9;xito en Alemania, 47.-- La gran sorpresa de las econom&#xED;as en la Eurozona, 54.-- NAFTA: un panorama incierto, 62.-- Canad&#xE1;: una naci&#xF3;n noble y progresista, 71.-- Educaci&#xF3;n permanente: un nuevo paradigma, 77.-- La globalizaci&#xF3;n: un fen&#xF3;meno en transici&#xF3;n, 83.-- Europa hoy: cambios pol&#xED;ticos y econ&#xF3;micos, 95.-- Putin: &#xBF;socialista o zarista?, 104.-- La econom&#xED;a global en 2018: un escenario distinto, 113.-- El yin y yan de las redes sociales, 119.</subfield>
  </datafield>
  <datafield tag="590" ind1=" " ind2=" ">
    <subfield code="a">Inventariado, 2021 /LP

</subfield>
  </datafield>
  <datafield tag="650" ind1=" " ind2="0">
    <subfield code="a"> Relaciones econ&#xF3;micas internacionales</subfield>
    <subfield code="9">1067</subfield>
  </datafield>
  <datafield tag="650" ind1=" " ind2="0">
    <subfield code="a">Globalizaci&#xF3;n</subfield>
    <subfield code="9">1524</subfield>
  </datafield>
  <datafield tag="942" ind1=" " ind2=" ">
    <subfield code="2">ddc</subfield>
    <subfield code="c">LBS1</subfield>
  </datafield>
  <datafield tag="952" ind1=" " ind2=" ">
    <subfield code="0">0</subfield>
    <subfield code="1">0</subfield>
    <subfield code="2">ddc</subfield>
    <subfield code="5">1</subfield>
    <subfield code="7">0</subfield>
    <subfield code="8">PD</subfield>
    <subfield code="a">BNPHU</subfield>
    <subfield code="b">PD</subfield>
    <subfield code="c">HD</subfield>
    <subfield code="d">2021-07-06</subfield>
    <subfield code="e">Dep&#xF3;sito Legal </subfield>
    <subfield code="l">0</subfield>
    <subfield code="o">BNPHU PD 337 A473u</subfield>
    <subfield code="p">2021-2429</subfield>
    <subfield code="r">2021-07-06</subfield>
    <subfield code="w">2021-07-06</subfield>
    <subfield code="y">LFPD</subfield>
  </datafield>
  <datafield tag="952" ind1=" " ind2=" ">
    <subfield code="0">0</subfield>
    <subfield code="1">0</subfield>
    <subfield code="2">ddc</subfield>
    <subfield code="5">1</subfield>
    <subfield code="7">0</subfield>
    <subfield code="8">PD</subfield>
    <subfield code="a">BNPHU</subfield>
    <subfield code="b">PD</subfield>
    <subfield code="c">HD</subfield>
    <subfield code="d">2021-07-06</subfield>
    <subfield code="e">Dep&#xF3;sito Legal </subfield>
    <subfield code="l">0</subfield>
    <subfield code="o">BNPHU PD 337 A473u </subfield>
    <subfield code="p">2021-2430</subfield>
    <subfield code="r">2021-07-06</subfield>
    <subfield code="t">e.2</subfield>
    <subfield code="w">2021-07-06</subfield>
    <subfield code="y">LFPD</subfield>
  </datafield>
  <datafield tag="952" ind1=" " ind2=" ">
    <subfield code="0">0</subfield>
    <subfield code="1">0</subfield>
    <subfield code="2">ddc</subfield>
    <subfield code="5">6</subfield>
    <subfield code="7">0</subfield>
    <subfield code="8">DS</subfield>
    <subfield code="a">BNPHU</subfield>
    <subfield code="b">DO</subfield>
    <subfield code="c">HD</subfield>
    <subfield code="d">2021-07-06</subfield>
    <subfield code="e">Dep&#xF3;sito Legal </subfield>
    <subfield code="l">0</subfield>
    <subfield code="o">BNPHU DS 337 A473u</subfield>
    <subfield code="p">2021-2431</subfield>
    <subfield code="r">2021-07-06</subfield>
    <subfield code="t">e.3</subfield>
    <subfield code="w">2021-07-06</subfield>
    <subfield code="y">LFDS</subfield>
  </datafield>
  <datafield tag="999" ind1=" " ind2=" ">
    <subfield code="c">50059</subfield>
    <subfield code="d">50059</subfield>
  </datafield>
</record>
